Differential literacy strategies for English language learners, K-6/ (Record no. 5223)

MARC details
000 -LEADER
fixed length control field 00721nam a22001937a 4500
003 - CONTROL NUMBER IDENTIFIER
control field OSt
005 - DATE AND TIME OF LATEST TRANSACTION
control field 20251028043546.0
008 - FIXED-LENGTH DATA ELEMENTS--GENERAL INFORMATION
fixed length control field 251028b |||||||| |||| 00| 0 eng d
020 ## - INTERNATIONAL STANDARD BOOK NUMBER
International Standard Book Number 978-1-4129-9648-8
040 ## - CATALOGING SOURCE
Original cataloging agency DWC-Main Lib.
Transcribing agency OC
082 ## - DEWEY DECIMAL CLASSIFICATION NUMBER
Classification number Circ. 428.0071 G822d 2012
100 ## - MAIN ENTRY--PERSONAL NAME
Personal name GREGORY, GAYLE H.
245 ## - TITLE STATEMENT
Title Differential literacy strategies for English language learners, K-6/
Statement of responsibility, etc. GAYLE H. GREGORY,
260 ## - PUBLICATION, DISTRIBUTION, ETC.
Place of publication, distribution, etc. California, USA :
Name of publisher, distributor, etc. Corwin,
Date of publication, distribution, etc. c2012.
300 ## - PHYSICAL DESCRIPTION
Extent x, 221 pages :
Other physical details b & w illustrations ;
Dimensions 25 cm.
650 ## - SUBJECT ADDED ENTRY--TOPICAL TERM
Topical term or geographic name entry element 1. English language--Study and teaching (Elementary) --Foreign speakers.
650 ## - SUBJECT ADDED ENTRY--TOPICAL TERM
Topical term or geographic name entry element 2. Individualized instruction. I. Burkman, Amy.
942 ## - ADDED ENTRY ELEMENTS (KOHA)
Source of classification or shelving scheme Dewey Decimal Classification
Koha item type Book Circulation
Classification part Circ.
Suppress in OPAC No
952 ## - LOCATION AND ITEM INFORMATION (KOHA)
--
Holdings
Withdrawn status Lost status Source of classification or shelving scheme Damaged status Not for loan Home library Current library Shelving location Date acquired Source of acquisition Total Checkouts Full call number Barcode Date last seen Copy number Price effective from Koha item type Uniform Resource Identifier
    Dewey Decimal Classification     College Library College Library Circulation 07/24/2014 School Fund   Circ. 428.0071 G822d 2012 CL50865 10/28/2025 c1 10/28/2025 BK-CIRC